Statistics for Most common 3-letter blocks in Country Names

Click here to take the quiz!

General Stats

  • This quiz has been taken 110 times
  • The average score is 12 of 25

Answer Stats

#_ _ _% Correct
20AND
91%
10NIA
84%
10TAN
84%
5SIA
76%
10STA
74%
7RIA
72%
6BIA
67%
12LAN
65%
5INA
56%
5ANA
53%
8ICA
42%
7MAL
41%
5REP
40%
5IST
39%
5LIC
39%
5ALA
34%
6AIN
32%
5PUB
30%
5EPU
27%
5BLI
26%
5UBL
26%
7INE
23%
6ANI
20%
5GUA
19%
5ATE
10%

Score Distribution

Percentile by Number Answered

Percent of People with Each Score

Your Score History

You have not taken this quiz